Inštitucionálne a legislatívne zabezpečenie regionálnej politiky v SR

Bibliographic Details
Main Author: Jurica, Karol (Author)
Format: Article
Language:Slovak

MARC

LEADER 00000naa a2200000uu 4500
001 vtls011040980
003 SK-MaSNL
005 20260302120209.0
008 210904|1999 xo |||||||||||||||||slo|
015 |a SNBRA 
035 |a (urnnbn)urn:nbn:sk:snk:ar-008y96 
035 |a (uuid)d780798f-262a-471e-9bfb-c26210bfca84 
035 |a urn:nbn:sk:snk-aautq2 
040 |a SNKBUCL  |b slo  |c SNKBUCL  |e AACR2 
041 0 |a slo 
044 |a xo  |c SK 
100 1 |a Jurica, Karol  |4 aut  |9 334542 
245 1 0 |a Inštitucionálne a legislatívne zabezpečenie regionálnej politiky v SR  |c Karol Jurica 
773 0 |t Prírodné bohatstvo a kultúrne dedičstvo Gemera  |d Nitra : Slovenská poľnohospodárska univerzita, 1999  |g S. 5-12  |z 8071375810 
958 |a OND 
958 |a article12 
958 |a chapter 
999 |c 1268340  |d 1270270